| 000 | 00513nam a2200133Ia 4500 | ||
|---|---|---|---|
| 008 | 171212s9999 xx 000 0 und d | ||
| 020 | _a9780833036544 | ||
| 100 | _aPaul, Christopher;Kim, James J. | ||
| 245 |
_cPaul, Christopher;Kim, James J. _aReporters on the Battlefield _bThe Embedded Press System in Historical Context |
||
| 260 |
_bRAND Corporation _c2004 |
||
| 650 | _aPolitical Science | ||
| 650 | _aWar -- Press coverage; Iraq War, 2003 -- Press coverage | ||
| 856 | _uwww.jstor.org/stable/10.7249/mg200rc | ||
| 999 |
_c352496 _d352496 |
||